ISTANBUL MEMORIES AND THE CITY (Record no. 5679)
[ view plain ]
| 000 -LEADER | |
|---|---|
| fixed length control field | 00310nam a22001337a 4500 |
| 020 ## - INTERNATIONAL STANDARD BOOK NUMBER | |
| ISBN | 978-0-571-21833-2 |
| 082 ## - DEWEY DECIMAL CLASSIFICATION NUMBER | |
| Classification number | 920 |
| Item number | PAM/I |
| 100 ## - MAIN ENTRY--AUTHOR NAME | |
| Personal name | PAMUK,ORHAN |
| 245 ## - TITLE STATEMENT | |
| Title | ISTANBUL MEMORIES AND THE CITY |
| 260 ## - PUBLICATION, DISTRIBUTION, ETC. (IMPRINT) | |
| Place of publication | LONDON |
| Name of publisher | FABER AND FABER |
| 300 ## - PHYSICAL DESCRIPTION | |
| Number of Pages | 348 |
| 650 ## - SUBJECT ADDED ENTRY--TOPICAL TERM | |
| Topical Term | ISTANBUL MEMORIES |
| Geographic subdivision | LONDON |
| 942 ## - ADDED ENTRY ELEMENTS (KOHA) | |
| Koha item type | Books |
| Withdrawn status | Lost status | Collection code | Home library | Current library | Shelving location | Date acquired | Source of acquisition | Full call number | Accession Number | Koha item type |
|---|---|---|---|---|---|---|---|---|---|---|
| Reference | Main Library | Main Library | SHELF-17-J-BIOGRAPHIES & AUTOBIOGRAPHIES | 15/10/2011 | PURCHASE | 920 PAM/I | 05605 | Books |